Apócrifos del Antiguo Testamento / obra dirigida por el profesor Alejandro Diez Macho ; con la colaboración de María Angeles Navarro, Alfonso de la Fuente, Antonio Piñero

Gardado en:
Detalles Bibliográficos
Autor Principal: Diez Macho, Alejandro (autor)
Outros autores: Navarro, María Angeles \ Fuente, Alfonso de la \ Piñero, Antonio (autor) (autor)
Formato: Libro
Temas:
Etiquetas: Engadir etiqueta
Sen Etiquetas, Sexa o primeiro en etiquetar este rexistro!

MARC

LEADER 00000nam^a2200000^u^4500
001 000549858
005 20250521000000.0
008 060220s1000^^^^^^^^^^^^r^^^^^000^0^spa^d
009 20260310131522.746
022 |a 8470573241 
035 |a FMI 000019625 
037 |a Acervo Xavier Clavigero 
096 |a 1.6/4/D 
100 |a Diez Macho, Alejandro  |e (autor) 
245 1 0 |a Apócrifos del Antiguo Testamento / obra dirigida por el profesor Alejandro Diez Macho ; con la colaboración de María Angeles Navarro, Alfonso de la Fuente, Antonio Piñero 
264 |a Madrid : Ediciones Cristiandad 
300 |a 5 vol. 
336 |a texto  |b txt  |2 rdacontenido 
337 |a sin mediación  |b n  |2 rdamedio 
338 |a volumen  |b nc  |2 rdasoporte 
649 |a XX 
650 |a Antropología Bíblica 
700 |a Navarro, María Angeles \ Fuente, Alfonso de la \ Piñero, Antonio  |e (autor) 
910 |a Fondo Francisco Migoya Covarrubias S.J. 
920 |a Impresos - Libros 
930 |a Fondos Especiales 
905 |a 134 
901 |a SBC04179  |b IT2  |c ESP  |u 20250521 
901 |a SBC04178  |b IT2  |c ESP  |u 20250521 
901 |a SBC04181  |b IT2  |c ESP  |u 20250521 
901 |a SBC09200  |b IT2  |c ESP  |u 20250521 
901 |a SBC29188  |b IT2  |c ESP  |u 20250521 
902 |a https://opac.biblio.iteso.mx/vufind/Record/000549858